Secrets of mental math : the mathemagician's guide to lightning calculation and amazing math tricks (Record no. 10895)
[ view plain ]
| 000 -LEADER | |
|---|---|
| fixed length control field | 00466 a2200157 4500 |
| 020 ## - INTERNATIONAL STANDARD BOOK NUMBER | |
| International Standard Book Number | 9780307338402 |
| 082 ## - DEWEY DECIMAL CLASSIFICATION NUMBER | |
| Classification number | 510 |
| 090 ## - LOCALLY ASSIGNED LC-TYPE CALL NUMBER (OCLC); LOCAL CALL NUMBER (RLIN) | |
| -- | 7090 |
| -- | 7090 |
| 100 ## - MAIN ENTRY--PERSONAL NAME | |
| Personal name | Benjamin, Arthur |
| 245 ## - TITLE STATEMENT | |
| Title | Secrets of mental math : the mathemagician's guide to lightning calculation and amazing math tricks |
| Statement of responsibility, etc. | Arthur Benjamin |
| 260 ## - PUBLICATION, DISTRIBUTION, ETC. | |
| Place of publication, distribution, etc. | USA |
| Name of publisher, distributor, etc. | Three Rivers Press |
| Date of publication, distribution, etc. | 2006 |
| 300 ## - PHYSICAL DESCRIPTION | |
| Extent | 278 p. |
| 650 ## - SUBJECT ADDED ENTRY--TOPICAL TERM | |
| Topical term or geographic name entry element | Mental calculators |
| 700 ## - ADDED ENTRY--PERSONAL NAME | |
| Personal name | Arthur Benjamin |
| 942 ## - ADDED ENTRY ELEMENTS (KOHA) | |
| Koha item type | Book |
| Call number prefix | 510 BEN |
| Withdrawn status | Lost status | Damaged status | Not for loan | Collection code | Permanent Location | Current Location | Shelving location | Date acquired | Source of acquisition | Cost, normal purchase price | Total Checkouts | Total Renewals | Full call number | Barcode | Date last seen | Date last checked out | Price effective from | Koha item type |
|---|---|---|---|---|---|---|---|---|---|---|---|---|---|---|---|---|---|---|
| Central Library (CL) | Central Library (CL) | General Stacks | 04/20/2012 | Global~Link Information Services | 1221.51 | 11 | 1 | 510 BEN | SEECS011258 | 10/03/2024 | 07/29/2024 | 01/05/2017 | Book |
